[Event "Ubeda"]
[Site "Ubeda"]
[Date "1997.02.18"]
[Round "9"]
[White "Kortschnoj, Viktor Lvovich"]
[Black "Bareev, Evgeny"]
[Result "1/2-1/2"]
[WhiteElo "2635"]
[BlackElo "2665"]
[Annotator "Lutz,C"]
[PlyCount "67"]
[EventDate "1997.02.07"]
[EventType "tourn"]
[EventRounds "11"]
[EventCountry "ESP"]
[EventCategory "16"]
[SourceTitle "CBM 058"]
[Source "ChessBase"]
[SourceDate "1997.06.01"]
[SourceVersion "1"]
[SourceVersionDate "1997.06.01"]
[SourceQuality "1"]

1. d4 d5 2. c4 c6 3. Nf3 Nf6 4. Nc3 e6 5. Bg5 h6 6. Bxf6 Qxf6 7. e3 Nd7 8. Bd3
dxc4 9. Bxc4 g6 10. O-O Bg7 11. Rc1 O-O 12. Re1 Rd8 {Dieser Zug scheint
genauer als 12...Qe7. Daher ist vielleicht 12.e4 besser, siehe Kortschnoj,
V-Fontaine,R (Enghien 1997).} (12... Qe7 13. e4 e5 14. d5 Nb6 15. dxc6 $1 bxc6
(15... Nxc4 {Meulders} 16. Nd5 Qd6 17. Rxc4 bxc6 18. Rxc6 $1 $18) 16. Bb3 Rd8
17. Qc2 $14 {1-0 Piket,J-Novikov,I/Antwerpen op 1996 (43)}) 13. Qc2 (13. Qe2
Qe7 14. Ne4 a5 15. Bb3 b6 16. Nc3 Bb7 {1/2-1/2 Timman,J-Gelfand,B/Erevan olm
1996}) (13. e4 e5 14. d5 Nb6 {ist hier nicht bedrohlich.}) 13... Qe7 14. a3 b6
15. e4 Bb7 (15... e5 $2 16. d5 {und das Feld d5 ist schwach.}) 16. e5 {Nun ist
Weiß zu e4-e5 gegkommen, aber in einer ungünstigen Form (Tempoverluste mit Qc2
und a3).} Rab8 17. Rcd1 b5 18. Ba2 c5 19. d5 c4 {Sperrt den Ba2 aus, Schwarz
hat bereits die Initiative übernommen.} 20. b3 {Weiß unbedingt den Ba2
befreien.} (20. d6 $2 Qe8 $17 {[%csl Re5] Der Pe5 ist tödlich schwach.}) 20...
Rbc8 21. bxc4 bxc4 22. dxe6 Qxe6 23. Rd6 Qe7 24. Nd5 Qf8 25. Bxc4 Nxe5 (25...
Qxd6 $2 26. Nf6+) 26. Rxd8 Qxd8 (26... Nxf3+ 27. gxf3 Rxd8 $5 {/\} 28. Ne7+ (
28. Qb3 Rd7) 28... Kh7) 27. Nxe5 $11 Bxd5 28. Qd2 Bxc4 29. Qxd8+ Rxd8 30. Nxc4
Bc3 31. Rc1 Rd4 32. Ne3 Bb2 33. Rc4 Rd3 34. a4 (34. a4 Bd4 35. Kf1 Bxe3 36. Ke2
$11) 1/2-1/2

[Event "RUS-CHN Summit Men 2nd"]
[Site "Moscow"]
[Date "2004.08.12"]
[Round "3"]
[White "Bu, Xiangzhi"]
[Black "Dreev, Alexey"]
[Result "1/2-1/2"]
[WhiteElo "2620"]
[BlackElo "2690"]
[Annotator "Lutz,C"]
[PlyCount "64"]
[EventDate "2004.08.10"]
[EventType "schev"]
[EventRounds "6"]
[EventCountry "RUS"]
[SourceTitle "CBM 103"]
[Source "ChessBase"]
[SourceDate "2004.11.11"]
[SourceVersion "1"]
[SourceVersionDate "2004.11.11"]
[SourceQuality "1"]
[WhiteTeam "China"]
[BlackTeam "Russia"]
[WhiteTeamCountry "CHN"]
[BlackTeamCountry "RUS"]

1. d4 d5 2. c4 c6 3. Nf3 Nf6 4. Nc3 e6 5. Qd3 $5 {Eine ungewöhnliche Option.}
Nbd7 {Schwarz kann hier natürlich 5...dxc4 6.Qxc4 mit Übergang zu den
Varianten nach 5.Qb3 dxc4 6.Qxc4 spielen, aber Dreev entscheidet sich dafür,
die Spannung beizubehalten und so die Stellung der weißen Dame als nachteilig
nachzuweisen.} (5... Na6 $5 6. a3 c5 7. e3 cxd4 8. exd4 dxc4 9. Qxc4 Nc7 10.
Bd3 a6 11. Ne5 Be7 12. O-O O-O 13. Bc2 Bd7 14. Qd3 Bb5 15. Nxb5 Nxb5 16. Be3
Rc8 17. Rad1 g6 18. Bb3 Re8 19. Rfe1 Nd6 20. Bh6 Qb6 21. Bg5 Nfe4 22. Bf4 Nc3
23. Nxg6 hxg6 24. Bxe6 Nf5 25. Bxc8 Nxd1 26. Bxf5 Nxb2 27. Qg3 Qf6 28. Bb1 Rd8
29. Be5 Qh4 30. Qb3 {Time. 1-0 Romanishin,O-Ljubojevic,L/Groningen 1993/CBM 39
(30)}) 6. Bg5 (6. g3 $5 b6 7. Bg2 Ba6 8. b3 Be7 9. O-O O-O 10. Rd1 Rc8 11. e4
c5 12. exd5 exd5 13. Nb5 cxd4 14. Nfxd4 Nc5 15. Qe2 Qd7 16. Bb2 Rfe8 17. Qf3
dxc4 18. Nc6 Bxb5 19. Rxd7 Bxc6 20. Rxe7 Bxf3 21. Rxe8+ Nxe8 22. Bxf3 Nd3 23.
Ba3 b5 24. bxc4 bxc4 25. Rd1 Nc7 26. Bg4 Rd8 27. Be2 h6 28. Bb4 Nb5 29. a4 Nd4
30. Bxd3 cxd3 31. Kg2 Nc2 32. Bc5 a6 33. Kf3 f5 34. Kf4 Rd5 35. Be3 g5+ 36. Kf3
Kf7 37. Rb1 g4+ 38. Kf4 d2 39. Rb7+ Kg6 40. Rb6+ Kh5 41. Bxd2 Rxd2 42. Kxf5
Rxf2+ 43. Ke4 Rxh2 44. Rxa6 Re2+ 45. Kf4 Rf2+ 46. Ke4 Rf3 47. Ra5+ Kg6 48. Rc5
Nb4 49. Rb5 Rxg3 50. Kf4 Ra3 51. Rxb4 Kh5 52. Rb6 Rxa4+ 53. Kg3 Ra3+ 54. Kg2
Kg5 55. Rb5+ Kh4 56. Rb2 h5 57. Kh2 Ra5 58. Kg2 Kg5 59. Kh2 h4 60. Kg2 h3+ 61.
Kh2 Kh4 62. Rb7 Ra2+ 63. Kh1 Re2 64. Rc7 Kg3 65. Rc3+ Kf4 66. Rc1 g3 67. Rb1
Rd2 68. Ra1 Ke3 69. Ra3+ Rd3 70. Ra1 {0-1 Praszak,M-Luther,T/Koszalin 1997/CBM
59 ext (70)}) (6. e4 $5 Bb4 7. e5 Ne4 8. Be2 Nb6 9. Qc2 Nxc3 10. bxc3 Be7 11.
c5 Nd7 12. c4 $36 {1/2-1/2 Makarov,M-Dreev,A/Elista 1995/CBM 50/[Dolmatov] (54)
}) 6... Be7 7. e3 O-O 8. Be2 {Die Stellung ähnelt einem orthodoxen Damengambit,
aber mit der Dame auf d3.} b6 9. cxd5 Nxd5 10. Bxe7 Qxe7 11. Nxd5 exd5 12. O-O
Bb7 {Ich bin mir nicht sicher, ob Schwarz vielleicht noch glatter den
Ausgleich hätte erreichen können. Die entstandene Struktur ist aus der
Tartakower-Variante bekannt und da steht der schwarze Läufer normalerweise auf
e6 besser als auf e6. Aber andererseits hat Weiß seine Figuren auch nicht
optimal aufgebaut und so hat Bu Xiangzhi zwar einen kleinen strukturellen
Vorteil, aber sonst nichts Konkretes.} 13. Rac1 a5 {Schwarz verhindert, dass
Weiß mit b2-b4 den Pc6 festlegt.} 14. Rc3 Rfc8 15. Rfc1 a4 16. Qc2 g6 17. Ne1 {
Weiß will weiter mit Nd3 die Schwäche c6 festlegen, aber Schwarz nutzt die
vorübergehende Aufgabe der Zentrumskontrolle, um aktiv zu werden.} c5 18. dxc5
(18. Bb5 $5 {kam in Betracht, um sowohl den Pa4 als auch indirekt den Pc5
anzugreifen.} Ba6 $1 {hält alles zusammen.} (18... a3 19. bxa3 Nf6 20. dxc5 Ne4
21. c6 Nxc3 22. Qxc3 Ba6 23. a4 Bxb5 24. axb5 {ist ein interessantes
Qualitätsopfer.}) 19. Qxa4 (19. Bxa4 $2 b5 20. Bb3 c4) (19. Bxd7 Qxd7 20. dxc5
bxc5 21. Rxc5 $2 Rxc5 22. Qxc5 Rc8) 19... Bxb5 20. Qxb5 Ra5 $1 (20... Rxa2 $2
21. Qb3) 21. Qd3 (21. Qb3 c4) 21... Rxa2 22. dxc5 bxc5 23. Qxd5 Rxb2 $132)
18... bxc5 19. Bg4 {Nun erhält Schwarz die Möglichkeit, durch Aktivität und
Bauernopfer das Spiel auszugleichen.} d4 20. Ra3 Re8 21. Bf3 Ne5 22. Qxc5 Nxf3+
23. gxf3 (23. Nxf3 $2 Rac8) 23... dxe3 24. Qxe7 {Weiß tauscht schnell die
Damen ab, da sich ansonsten sein geschwächter König auswirken könnte.} (24.
fxe3 Qf6 $44) (24. Rxe3 Qf6 $44) 24... exf2+ 25. Kxf2 Rxe7 26. Nd3 Rd8 27. Rc2
Rd5 28. Nc5 Rh5 29. Kg3 (29. Nxb7 $2 Rxh2+) 29... Rg5+ 30. Kf2 Rh5 31. Kg3 Rg5+
32. Kf2 Rh5 1/2-1/2

[Event "EU-Cup 16th"]
[Site "Neum"]
[Date "2000.09.26"]
[Round "3.1"]
[White "Azmaiparashvili, Zurab"]
[Black "Dreev, Alexey"]
[Result "1-0"]
[WhiteElo "2673"]
[BlackElo "2676"]
[Annotator "Lutz,C"]
[PlyCount "59"]
[EventDate "2000.09.24"]
[EventType "team-swiss"]
[EventRounds "7"]
[EventCountry "BIH"]
[SourceTitle "CBM 080"]
[Source "ChessBase"]
[SourceDate "2001.01.25"]
[SourceVersion "1"]
[SourceVersionDate "2001.01.25"]
[SourceQuality "1"]
[WhiteTeam "Kiseljak"]
[BlackTeam "Tomsk Siberia"]
[WhiteTeamCountry "BIH"]
[BlackTeamCountry "RUS"]

1. d4 d5 2. c4 c6 3. Nc3 Nf6 4. Nf3 e6 5. Bg5 h6 6. Bxf6 Qxf6 7. e3 Nd7 8. Bd3
dxc4 9. Bxc4 g6 10. O-O Bg7 11. b4 O-O 12. a4 {Weiß strebt nach Raumgewinn am
Damenflügel mit a4-a5.} e5 $6 {Obwohl dieser Zug häufig gespielt wurde,
gefällt er mir nicht. Die Wirkungskraft des Bc4 wird erhöht und die Öffnung
der Stellung kommt nur dem besser entwickelten Weißen zugute.} (12... Qe7 {
gefällt mir besser:} 13. Qb3 (13. Rb1 a5 14. bxa5 Rxa5 15. Qc2 b6 16. e4 c5 17.
d5 Bxc3 18. Qxc3 Rxa4 $13 {Beliavsky,A-Gelfand,B/ Belgrade Invest 1995}) 13...
Rd8 $5 14. a5 Nf6 $5 15. Na4 Bd7 16. b5 cxb5 17. Bxb5 Ne4 $5 $132 {0-1 Rausis,
I-Gurevich,M/ Vlissingen 1999 (79)}) 13. a5 exd4 14. exd4 Qd6 (14... Rd8 15.
Re1 $6 (15. Qb3 $14 {Cifuentes,R} Nf8 16. Ne4 Qf4 17. Qe3 $5 (17. Nc5 Bxd4 18.
Rad1 Bg4 19. Rxd4 Rxd4 20. Nxd4 Qxd4 21. h3 Bf5 22. Rd1 Qf6 23. Nxb7 Re8 24.
Nd6 Re7 25. Qf3 Rd7 26. Nxf5 Qxf5 27. Rxd7 Qxf3 28. gxf3 Nxd7 29. f4 Kf8 {
1/2-1/2 Kumaran,D-Schandorff,L/ Copenhagen 1996 (43)}) (17. Rfe1 Be6) 17...
Qxe3 18. fxe3 Bf5 (18... Be6 19. Bxe6 Nxe6 20. Nc5 $14) 19. Nc5 (19. Nfd2 Rd7
$1 (19... Be6 $6 20. Rfc1 Rab8 21. Nc5 Bxc4 22. Nxc4 b6 23. Nd3 $14 {
Prizant-Denisov,L/ Russia 2000}) 20. Nc5 Re7 21. Ra3 Rae8 22. Kf2 b6 23. axb6
axb6 $15) 19... b6 20. Nb3 b5 (20... Be6 21. Rac1 Bd5 22. e4 $1) 21. Be2 Re8
22. Kf2 Nd7 23. Rac1 Rac8 24. Nbd2 Nf6 25. Ne5 Ne4+ 26. Nxe4 Bxe4 27. Nd7 Re7
28. Nc5 Bd5 29. Bd3 Rce8 30. Rfe1 f5 $1) 15... Nf8 16. Ne5 Be6 17. Bf1 Qe7 18.
Rb1 Qd6 $15 {Adla,D-Glavina,P/ Spain 1997}) 15. Qb1 $1 {Weiß deckt den Pb4 und
nimmt den Pg6 ins Visier.} Kh7 $6 $146 {Diese Neuerung kann die schwarzen
Probleme auch nicht lösen.} (15... b6 16. Re1 bxa5 17. bxa5 c5 18. Nb5 Qf6 19.
Ne5 Nxe5 20. dxe5 Qg5 21. Nd6 Be6 22. Bxe6 fxe6 23. Qb3 Rab8 24. Qxe6+ Kh7 25.
Re2 Rb4 26. Rae1 Rd4 27. g3 Qd8 28. h4 Qxa5 29. Qe7 Qd8 30. Qxa7 Rg4 31. Re4
Qxh4 32. Rxg4 Qxg4 33. Qxc5 $16 {0-1 Campos Moreno,J-Novikov,I/ Vendrell 1996 
(41)}) (15... b5 16. Ba2 Ba6 17. Ne4 Qf4 18. Qd3 Rae8 19. Rfe1 Bc8 20. g3 Qc7
21. Rac1 Nb8 22. d5 Bf5 23. Nh4 Na6 24. d6 Qd8 25. Qb1 Nb8 26. Nxf5 gxf5 27.
Nc5 Rxe1+ 28. Rxe1 Qxd6 29. Qxf5 $16 {1-0 Tukmakov,V-Luther,T/ Lenk 1999 (39)})
(15... Nf6 $6 16. Qxg6 Qxb4 17. Qd3 $36) (15... g5 $5 {Cifuentes,R} 16. Ne4 Qf4
17. Re1 Nf6 18. Nc5 Bf5 19. Qb3 Qc7 (19... Ne4 $5 20. g3 (20. Nxb7 $2 g4 21.
Rxe4 Bxe4 22. Ne5 Bxe5 23. dxe5 Rae8 $17) 20... Nxc5 21. bxc5 Qc7 22. Ne5 Rad8
23. Qc3 $14) 20. Ne5 Rad8 $6 (20... Ng4 $142 $1 21. Qf3 (21. Qg3 Nxe5 22. dxe5
Rad8) 21... Nxe5 22. dxe5 Bg6) 21. Qf3 Bc8 22. a6 $1 g4 (22... b6 23. Qxc6 $1
Qxc6 24. Nxc6 bxc5 25. Nxd8 Rxd8 26. dxc5 $16) 23. Qc3 b6 (23... b5) 24. Nb7 $1
Nd5 25. Bxd5 Rxd5 26. Qxc6 $18 {Tukmakov,V-Rogic,D/ Croatia (tt) 1998}) 16. Qb3
b5 $5 {Das war wohl die Absicht, aber ich kann nicht erkennen, was Schwarz für
den Bauern hat.} (16... f5 {Cifuentes,R} 17. Rfe1 b5 18. Be6 Nf6 19. Rac1 $14)
(16... Kg8 {Cifuentes,R} 17. Rad1 $14 (17. Ne4 Qf4 18. Qe3)) 17. Bxf7 Qf6 (
17... Qe7 18. Be6 (18. Bxg6+ $5 Kxg6 19. Rae1 Qd8 20. Qc2+ Kf7 21. Nxb5 cxb5
22. Qe4 Nb6 23. axb6 Qxb6 $13) 18... Nc5 19. Bg8+ Rxg8 20. bxc5 $16 {mit einem
glatten Mehrbauern.}) 18. Ne4 $1 {Im Opferstil gespielt, obwohl es auch
kleinlicher gegangen wäre.} (18. Be6 $5 {ist etwas prosaischer:} Nc5 19. Bg8+
$5 (19. bxc5 {Cifuentes,R} Bxe6 $44) 19... Rxg8 20. bxc5 $16 {und Schwarz hat
nicht genügend Kompensation für den Bauern.}) 18... Qf4 19. Bxg6+ $1 {Das war
die Pointe.} Kxg6 20. Qc2 Nb8 {Nicht schön, aber was sonst?} (20... Kf7 21.
Qxc6 Qb8 22. Neg5+ hxg5 23. Nxg5+ Ke7 24. Rae1+ $40) 21. Nd6+ Bf5 22. Nxf5 Rxf5
23. Rae1 {Die abseits stehenden schwarzen Figuren am Damenflügel verheissen
nichts Gutes.} Kf7 24. Qb3+ Rd5 (24... Kg6 25. Qg8 Rf8 26. Re6+ Kf5 27. Qxg7
Kxe6 28. Re1+ Kd5 29. Qe7 $18) 25. Ne5+ $18 Bxe5 26. Rxe5 Qxd4 27. Qf3+ Kg7 28.
Re7+ Kg6 29. Qf7+ Kg5 30. Re6 1-0

[Event "Gistrup"]
[Site "Gistrup"]
[Date "1996.??.??"]
[Round "1"]
[White "Filippov, Valerij"]
[Black "Schandorff, Lars"]
[Result "1/2-1/2"]
[WhiteElo "2565"]
[BlackElo "2495"]
[Annotator "Lutz,C"]
[PlyCount "72"]
[EventDate "1996.07.15"]
[EventType "tourn"]
[EventRounds "9"]
[EventCountry "DEN"]
[EventCategory "10"]
[SourceTitle "CBM 055"]
[Source "ChessBase"]
[SourceDate "1996.12.01"]
[SourceVersion "1"]
[SourceVersionDate "1996.12.01"]
[SourceQuality "1"]

1. Nf3 d5 2. d4 Nf6 3. c4 c6 4. Nc3 e6 5. Bg5 h6 6. Bxf6 Qxf6 7. e3 Nd7 8. Bd3
dxc4 9. Bxc4 g6 10. O-O Bg7 11. Qc2 O-O 12. Rfd1 Qe7 13. Rac1 b6 14. a3 Bb7 15.
Ba2 {Es scheint mir, als ob der Läufer auf a2 überhaupt nichts ausrichtet,
während sein Gegenpart auf b7 nach ...c5 große Aktivität entfaltet. Weiß
sollte nach dem Vorstoß e4-e5 so stehen, daß er entweder durch den Abtausch
Bc4-a6 oder mit dem Manöver Bc4-d3-e4 den gegnerischen Läufer neutralisieren
kann. Man vergleiche Ivanchuk-Kramnik, Novgorod 1996 !} Rfd8 16. e4 Rac8 17.
Qe2 Nf8 18. e5 c5 $10 19. d5 exd5 20. Bxd5 Bxd5 21. Nxd5 Qe6 22. Qe4 Rd7 23.
Nf4 Qc6 24. Qxc6 Rxc6 25. Kf1 Rc8 26. b3 Rcd8 27. Rxd7 Rxd7 28. Ke2 Bxe5 29.
Nxe5 Re7 30. Nfd3 f6 31. Rc4 fxe5 32. Re4 Nd7 33. f4 Kf7 34. fxe5 g5 35. Re3 b5
36. Kd2 c4 1/2-1/2

[Event "Lasker Memorial op"]
[Site "Barlinek"]
[Date "2001.07.19"]
[Round "4"]
[White "Borovikov, Vladislav"]
[Black "Bator, Robert"]
[Result "1-0"]
[WhiteElo "2593"]
[BlackElo "2403"]
[Annotator "Lutz,C"]
[PlyCount "101"]
[EventDate "2001.07.19"]
[EventType "swiss"]
[EventRounds "10"]
[EventCountry "POL"]
[SourceTitle "CBM 085"]
[Source "ChessBase"]
[SourceDate "2001.11.13"]
[SourceVersion "1"]
[SourceVersionDate "2001.11.13"]
[SourceQuality "1"]

1. d4 d5 2. c4 c6 3. Nf3 Nf6 4. Nc3 e6 5. Bg5 h6 6. Bh4 dxc4 7. e4 g5 8. Bg3 b5
9. Be2 b4 $6 {Dieser Zug gilt als zweifelhaft. Zwar gewinnt Schwarz einen
wichtigen Zentralbauern, aber sein Damenflügel ist geschwächt.} (9... Bb7) 10.
Na4 Nxe4 11. Be5 Rg8 $5 {Gegenüber dem Standardzug 11... Nf6 kommt Schwarz
nach diesem selten gespielten Zug zum Abtausch des Pe5, aber trotzdem kann die
schwarze Stellung nicht begeistern.} (11... Nf6 12. Nc5 $1 $36 {ist
vorteilhaft für Weiß, da Schwarz nicht den lästigen Be5 mit ...Nbd7 beseitigen
kann.} Bg7 13. Bxc4 Nbd7 (13... O-O $6 14. Qc2 Nbd7 15. h4 $16 {1-0 Sakaev,
K-Kobalija,M/St Petersburg 1998/CBM 67/[Lutz] (25)}) 14. Nxd7 Qxd7 15. Qc2 a5
16. Qe2 Qa7 17. Nd2 Ba6 18. Rc1 $36 {1/2-1/2 Shchekachev,A-Velikov,P/Evry 2001/
CBM 83/[Lutz] (70)}) 12. Qc2 $146 (12. Bxc4 $5 g4 13. Nd2 Nxd2 14. Qxd2 Nd7 15.
Bf4 Qa5 16. Nc5 Nxc5 17. dxc5 Bxc5 18. Rd1 Be7 19. O-O h5 20. Rfe1 h4 21. Re5
Qb6 22. Qd3 a5 23. Qh7 Rf8 24. Bh6 g3 25. Bxf8 Qxf2+ 26. Kh1 h3 27. Qxh3 Bxf8
28. Rf1 Qd4 29. Qh5 Bd6 30. Qh8+ {1-0 Ligterink,G-Kuijf,M/Hilversum 1986/EXT
99 (30)}) 12... Nf6 13. Bxc4 Nbd7 14. O-O g4 15. Bxf6 Qxf6 16. Nd2 Qxd4 17.
Rad1 {Mit seinen zwei Mehrbauern wird Schwarz nicht glücklich.} Qf4 18. Bxe6 $1
$16 {Da ist Nr.1 schon wieder weg.} Ne5 (18... fxe6 19. Qxc6 Rb8 20. Qxe6+ $18)
19. Bxc8 Rxc8 20. Rfe1 Be7 21. Re4 Qf6 22. Nc4 Rg5 (22... Nxc4 23. Qxc4 $16)
23. Nxe5 Rxe5 24. Rxg4 {Und da ist Nr.2} Qe6 25. h3 Bd6 26. g3 Ke7 27. Rgd4 Rd5
28. Kh2 Rxd4 29. Rxd4 Kf8 30. Nc5 Bxc5 31. Qxc5+ Qe7 32. Qxe7+ Kxe7 33. Rxb4
$18 {Und Nr. 3. Außer dem Mehrbauern sind auch alle schwarzen Bauern schwach,
Weiß steht daher technisch auf Gewinn.} a5 34. Ra4 Rb8 35. b3 Rb5 36. Kg2 Rd5
37. Kf3 Kd6 38. Ke3 Kc7 39. Rd4 f5 40. Rh4 Re5+ 41. Kf3 Rc5 42. Rxh6 Rc2 43.
Rh4 Rxa2 44. Ra4 Rb2 45. Rxa5 Rxb3+ 46. Kf4 Kd6 47. Ra2 Rb5 48. Re2 Rd5 49. h4
c5 50. h5 c4 51. h6 1-0

[Event "EU-ch 2nd"]
[Site "Ohrid"]
[Date "2001.06.13"]
[Round "12"]
[White "Halkias, Stelios"]
[Black "Asrian, Karen"]
[Result "0-1"]
[WhiteElo "2494"]
[BlackElo "2582"]
[Annotator "Lutz,C"]
[PlyCount "76"]
[EventDate "2001.06.01"]
[EventType "swiss"]
[EventRounds "13"]
[EventCountry "YUG"]
[SourceTitle "CBM 084"]
[Source "ChessBase"]
[SourceDate "2001.09.13"]
[SourceVersion "1"]
[SourceVersionDate "2001.09.13"]
[SourceQuality "1"]

1. d4 d5 2. c4 e6 3. Nf3 Nf6 4. Nc3 c6 5. Bg5 h6 6. Bh4 dxc4 7. e4 g5 8. Bg3 b5
9. Be2 Bb7 10. h4 g4 ({Die schärfere Alternative ist} 10... b4 {0-1 Atalik,
S-Dreev,A/Sarajevo 2001/CBM 84_01/[Lutz] (29) Lutz}) 11. Ne5 h5 12. O-O Nbd7
13. Qc2 Nxe5 14. Bxe5 Bg7 $1 15. Rad1 O-O 16. f3 {Dieser Zug ist vermutlich
harmlos, da nach der folgenden Abwicklung Schwarz am Königsflügel aktiv wird.
Besser erscheint daher Kramniks 16.Bg3!?} (16. Bg3 $5 Nh7 (16... Nd7 $5 17. e5
c5 18. Ne4 Bxe4 19. Qxe4 Qb6 $132 {0-1 Goldin,A-Khenkin,I/New York 2000/CBM 76
ext (31)}) 17. e5 f5 18. exf6 Qxf6 $13 {1-0 Kramnik,V-Akopian,V/Dortmund 2000/
CBM 78/[Lutz] (41)}) 16... Nh7 17. Bxg7 Kxg7 18. fxg4 Qxh4 19. gxh5 Ng5 20. Bf3
$2 {Weiß will kein Unentschieden, aber sein Gewinnversuch wird drastisch
bestraft.} (20. Qd2 $142 Nh3+ 21. gxh3 Qg3+ 22. Kh1 Qxh3+ 23. Kg1 Qg3+ 24. Kh1
Qh3+ {1/2-1/2 Van Wely,L-Lautier,J/Monte Carlo 2000/CBM 76/[Lutz] (24)}) 20...
f5 $1 21. d5 $6 (21. exf5 $142 Rxf5 {, und Schwarz steht gut, aber Weiß wird
nicht sofort matt.}) 21... fxe4 22. dxe6 (22. Nxe4 Nxf3+ 23. Rxf3 Rxf3 24. gxf3
cxd5 $19) 22... exf3 23. e7 (23. Rd7+ Kh8 {mit der Drohung ...Nh3+}) 23... Rf6
24. Rd8 Nh3+ $1 $19 25. gxh3 Qg3+ 26. Kh1 Qxh3+ 27. Kg1 Qg3+ 28. Kh1 c5 $1 {
Natürlich gibt sich Schwarz nicht mit Dauerschach zufrieden.} 29. e8=N+ Kf8 30.
Nxf6+ Rxd8 31. Nce4 Bxe4 32. Nxe4 Qh3+ 33. Kg1 Ke7 $1 {Räumt die g-Linie für
den Turm.} 34. Re1 Rg8+ 35. Ng5+ Kf6 36. Qc3+ Kxg5 37. Re5+ Kf4+ 38. Kf2 Qh2+
0-1